История Удмуртии (Запись № 634150)

Подробности
000 -МАРКЕР
контрольное поле 02487nam0a2200421 4500
001 - ИДЕНТИФИКАТОР ЗАПИСИ
контрольное поле RU\NLR\bibl\1318112
005 - ИДЕНТИФИКАТОР ВЕРСИИ
контрольное поле 20260407101242.0
010 ## - МЕЖДУНАРОДНЫЙ СТАНДАРТНЫЙ НОМЕР КНИГИ (ISBN)
Номер (ISBN) 5-7691-1980-2
Тираж 2500
021 ## - НОМЕР ГОСУДАРСТВЕННОЙ РЕГИСТРАЦИИ
Код страны Российская Федерация
Номер 2008-92596
Номер Листа государственной регистраци 5422
035 ## - ДРУГИЕ СИСТЕМНЫЕ НОМЕРА
Идентификатор записи (nilc)EL/0000217618
035 ## - ДРУГИЕ СИСТЕМНЫЕ НОМЕРА
Идентификатор записи (NLR Aleph) 001303480
100 ## - ДАННЫЕ ОБЩЕЙ ОБРАБОТКИ
Данные общей обработки 20081002d2007 |||y0rusy50 ca
101 0# - ЯЗЫК РЕСУРСА
Язык текста, звукозаписи и т.д. русский
102 ## - СТРАНА ПУБЛИКАЦИИ ИЛИ ПРОИЗВОДСТВА
Страна публикации Российская Федерация
105 ## - ПОЛЕ КОДИРОВАННЫХ ДАННЫХ: ТЕКСТОВЫЕ МАТЕРИАЛЫ, МОНОГРАФИЧЕСКИЕ
Кодированные данные о монографическом текстовом документе a |||||||||
200 1# - ЗАГЛАВИЕ И СВЕДЕНИЯ ОБ ОТВЕТСТВЕННОСТИ
Основное заглавие История Удмуртии
Сведения, относящиеся к заглавию с древнейших времен до XV века
Первые сведения об ответственности [Р.Д. Голдина, О.М. Мельникова, Е.М. Черных и др.
Последующие сведения об ответственности редкол.: М.Г. Иванова и др.]
-- Рос. акад. наук, Урал. отд-ние, Удмурт. ин-т истории, яз. и лит.
210 ## - ПУБЛИКАЦИЯ, РАСПРОСТРАНЕНИЕ И ДР.
Место издания, распространения и т.д. Ижевск
Имя издателя, распространителя и т. д. Удмуртский институт истории, языка и литературы УрО РАН
Дата издания, распространения и т.д. 2007
215 ## - ФИЗИЧЕСКАЯ ХАРАКТЕРИСТИКА
Специфическое обозначение материала и объем 300, [3] с., [14] л. цв. ил.
Другие сведения о физической характеристике ил.
Размеры 24
300 ## - ОБЩИЕ ПРИМЕЧАНИЯ
Текст примечания Авт. указаны на обороте тит.л.
300 ## - ОБЩИЕ ПРИМЕЧАНИЯ
Текст примечания К 450-летию добровольного вхождения Удмуртии в состав Российского государства
320 ## - ПРИМЕЧАНИЯ О НАЛИЧИИ В ДОКУМЕНТЕ БИБЛИОГРАФИИ / УКАЗАТЕЛЯ
Текст примечания Библиогр.: с. 296-299 и в конце гл.
607 ## - ГЕОГРАФИЧЕСКОЕ НАИМЕНОВАНИЕ КАК ПРЕДМЕТ
Географическое наименование Удмуртия
Тематический подзаголовок Археологические исследования
Системный номер авторитетной/нормативной записи 2366802
Идентификатор авторитетной/нормативной записи RU\NLR\AUTH\661412947
607 ## - ГЕОГРАФИЧЕСКОЕ НАИМЕНОВАНИЕ КАК ПРЕДМЕТ
Географическое наименование Удмуртия
Тематический подзаголовок История
Хронологический подзаголовок до нач. 15 в.
Системный номер авторитетной/нормативной записи 2541693
Идентификатор авторитетной/нормативной записи RU\NLR\auth\661504680
686 ## - ИНДЕКСЫ ДРУГИХ КЛАССИФИКАЦИЙ
Индекс 63.3(2Рос-6Удм)
Издание LBC/RL
Код системы
686 ## - ИНДЕКСЫ ДРУГИХ КЛАССИФИКАЦИЙ
Индекс Т3(2Р-6У)
701 #1 - ИМЯ ЛИЦА - АЛЬТЕРНАТИВНАЯ ОТВЕТСТВЕННОСТЬ
Код отношения Автор
Материалы, к которым относится поле rus
Графика поля Кириллица
Начальный элемент ввода Голдина
Часть имени, кроме начального элемента ввода Р.Д.
Даты 1941-
Расширение инициалов личного имени Римма Дмитриевна
Идентификатор авторитетной/нормативной записи RU\NLR\auth\7716869
Системный номер авторитетной/нормативной записи 126502
701 #1 - ИМЯ ЛИЦА - АЛЬТЕРНАТИВНАЯ ОТВЕТСТВЕННОСТЬ
Код отношения Автор
Материалы, к которым относится поле rus
Графика поля Кириллица
Начальный элемент ввода Мельникова
Часть имени, кроме начального элемента ввода О. М.
Дополнения к именам, кроме дат д-р ист. наук
Даты 1961-
Расширение инициалов личного имени Ольга Михайловна
Идентификатор авторитетной/нормативной записи RU\NLR\auth\7773688
Системный номер авторитетной/нормативной записи 56616
701 #1 - ИМЯ ЛИЦА - АЛЬТЕРНАТИВНАЯ ОТВЕТСТВЕННОСТЬ
Начальный элемент ввода Черных
Часть имени, кроме начального элемента ввода Е. М.
Расширение инициалов личного имени Елизавета Михайловна
Код отношения Автор
702 #1 - ИМЯ ЛИЦА - ВТОРИЧНАЯ ОТВЕТСТВЕННОСТЬ
Код отношения Редактор
Графика поля Кириллица
Материалы, к которым относится поле rus
Начальный элемент ввода Иванова
Часть имени, кроме начального элемента ввода М. Г.
Дополнения к именам, кроме дат д-р ист. наук, археология
Даты 1945-2020
Расширение инициалов личного имени Маргарита Григорьевна
Системный номер авторитетной/нормативной записи 124572
Идентификатор авторитетной/нормативной записи RU\NLR\AUTH\7714909
712 02 - НАИМЕНОВАНИЕ ОРГАНИЗАЦИИ - ВТОРИЧНАЯ ОТВЕТСТВЕННОСТЬ
Код отношения Прочие
Начальный элемент ввода Удмуртский институт истории, языка и литературы
Идентифицирующий признак Ижевск
Идентификатор авторитетной/нормативной записи RU\NLR\AUTH\889928438
Системный номер авторитетной/нормативной записи 352489
801 #0 - ИСТОЧНИК ЗАПИСИ
Страна Российская Федерация
Организация НБР Удмуртия
Дата составления 20081002
Правила каталогизации rcr
801 #1 - ИСТОЧНИК ЗАПИСИ
Страна Российская Федерация
Организация НБР Удмуртия
Дата составления 20081002
Источник данных rusmarc
801 #2 - ИСТОЧНИК ЗАПИСИ
Страна Российская Федерация
Организация NLR
Дата составления 20090121
Правила каталогизации rcr
942 ## - ДОПОЛНИТЕЛЬНЫЕ ЭЛЕМЕНТЫ ЗАПИСИ (АБИС)
Тип экземпляра АБИС Книга
980 ## - КОЛЛЕКЦИЯ
Название коллекции Национальная библиография
Экземпляры
Тип экземпляра Дата поступления Источник поступления Библиотека постоянного хранения Библиотека текущего хранения Место хранения Шифр хранения Штрих-код Статус экземпляра
Книга 21.01.2009 Обязательный экземпляр РНБ (Московский) РНБ (Московский) Русский книжный фонд: издания с 1957 года 2009-7/310 1-1660950  
Книга 21.01.2009 Обязательный экземпляр РНБ (Московский) РНБ (Московский) Русский книжный фонд: издания с 1957 года 2009-7/310 2833059